International human resource management / (Record no. 25588)
[ view plain ]
| 000 -LEADER | |
|---|---|
| fixed length control field | 02566cam a22002895a 4500 |
| 001 - CONTROL NUMBER | |
| control field | 18045896 |
| 005 - DATE AND TIME OF LATEST TRANSACTION | |
| control field | 20201128024200.0 |
| 008 - FIXED-LENGTH DATA ELEMENTS--GENERAL INFORMATION | |
| fixed length control field | 140218t2015 enka frb 001 0 eng d |
| 020 ## - INTERNATIONAL STANDARD BOOK NUMBER | |
| International Standard Book Number | 9781446267318 |
| 020 ## - INTERNATIONAL STANDARD BOOK NUMBER | |
| International Standard Book Number | 1446267318 |
| 040 ## - CATALOGING SOURCE | |
| Original cataloging agency | YDXCP |
| Language of cataloging | eng |
| Transcribing agency | YDXCP |
| Description conventions | rda |
| Modifying agency | OCLCQ |
| -- | NLGGC |
| -- | OCL |
| -- | UAB |
| -- | OCLCQ |
| -- | TULIB |
| -- | DLC |
| -- | EG-ScBUE |
| 082 04 - DEWEY DECIMAL CLASSIFICATION NUMBER | |
| Classification number | 658.303 |
| Edition number | 22 |
| Item number | INT |
| 245 00 - TITLE STATEMENT | |
| Title | International human resource management / |
| Statement of responsibility, etc | [edited by] Anne-Wil Harzing and Ashly H. Pinnington. |
| 250 ## - EDITION STATEMENT | |
| Edition statement | 4th ed. |
| 260 ## - PUBLICATION, DISTRIBUTION, ETC. (IMPRINT) | |
| Place of publication, distribution, etc | London : |
| Name of publisher, distributor, etc | Sage, |
| Date of publication, distribution, etc | 2015. |
| 300 ## - PHYSICAL DESCRIPTION | |
| Extent | xxiii, 540 p. : |
| Other physical details | ill. ; |
| Dimensions | 23 cm. |
| 504 ## - BIBLIOGRAPHY, ETC. NOTE | |
| Bibliography, etc | Includes bibliographical references and index. |
| 505 0# - FORMATTED CONTENTS NOTE | |
| Formatted contents note | Part 1 Cultural, comparative and organizational perspectives on ihrm -- 1. Culture and Cross-Cultural Management / Laurence Romani -- 2. Comparative Human Resource Management / Chris Brewster, Wolfgang Mayrhofer -- 3. The Transfer of Employment Practices across Borders in Multinational Companies / Tony Edwards -- 4. Approaches to International Human Resource Management / Chris Rowley, Jean Qi Wei, Malcolm Warner -- Part 2 International assignment and employment practices -- 5. International Assignments / B. Sebastian Reiche, Anne-Wil Harzing -- 6. Multinational Companies and the Host Country Environment / Damian Grimshaw, Jill Rubery, Phil Almond -- 7. Regulation and Multinational Corporations: The Changing Context of Global Employment Relations / Miguel Martinez Lucio, Robert MacKenzie -- 8. Human Resource Management in Cross-Border Mergers and Acquisitions / Vladimir Pucik ... [et al.] -- Part 3 Ihrm policies and practices -- 9. Managing Knowledge in Multinational Firms / Ingmar Bjorkman ... [et al.] -- 10. Training and Development: Developing Global Leaders and Expatriates / Ashly H. Pinnington, Yaw A. Debrab, Christopher J. Rees -- 11. Global and Local Resourcing / Chris Rowley, Alan Nankervis, Malcolm Warner -- 12. Global Performance Management / Arup Varma, Pawan S. Budhwar -- 13. Total Rewards in the International Context / K. Galen Kroeck, Mary Ann Von Glinow -- 14. Equal Opportunity and Diversity Management in the Global Context / Fang Lee Cooke -- 15. Corporate Social Responsibility and Sustainability through Ethical HRM practices / Fang Lee Cooke. |
| 650 #7 - SUBJECT ADDED ENTRY--TOPICAL TERM | |
| Topical term or geographic name as entry element | International business enterprises |
| General subdivision | Personnel management. |
| Source of heading or term | BUEsh |
| 9 (RLIN) | 34858 |
| 650 #7 - SUBJECT ADDED ENTRY--TOPICAL TERM | |
| Topical term or geographic name as entry element | Personnel management. |
| Source of heading or term | BUEsh |
| 9 (RLIN) | 994 |
| 651 ## - SUBJECT ADDED ENTRY--GEOGRAPHIC NAME | |
| Source of heading or term | BUEsh |
| 653 ## - INDEX TERM--UNCONTROLLED | |
| Resource For college | BAEPS, Business Administration |
| Arrived date list | November2017 |
| 655 ## - INDEX TERM--GENRE/FORM | |
| Form subdivision | Text book |
| -- | 33728 |
| 700 1# - ADDED ENTRY--PERSONAL NAME | |
| Personal name | Harzing, Anne-Wil, |
| Relator term | editor. |
| 700 1# - ADDED ENTRY--PERSONAL NAME | |
| Personal name | Pinnington, Ashly, |
| Relator term | editor. |
| 942 ## - ADDED ENTRY ELEMENTS (KOHA) | |
| Source of classification or shelving scheme | Dewey Decimal Classification |
| Withdrawn status | Item status | Source of classification or shelving scheme | Damaged status | Not for loan | Vendor | Home library | Current library | Shelving location | Date acquired | Source of acquisition | Cost, normal purchase price | Total Checkouts | Full call number | Barcode | Date last seen | Koha item type | Date last borrowed | Total Renewals |
|---|---|---|---|---|---|---|---|---|---|---|---|---|---|---|---|---|---|---|
| Dewey Decimal Classification | Baccah | Central Library | Central Library | First floor | 15/11/2017 | Purchase | 550.00 | 658.303 INT | 000042490 | 15/07/2025 | NB - Book (Non borrowing) | |||||||
| Dewey Decimal Classification | Baccah | Central Library | Central Library | First floor | 15/11/2017 | Purchase | 550.00 | 658.303 INT | 000042491 | 15/07/2025 | Book - Borrowing | |||||||
| Dewey Decimal Classification | Baccah | Central Library | Central Library | First floor | 15/11/2017 | Purchase | 550.00 | 2 | 658.303 INT | 000042492 | 15/07/2025 | Book - Borrowing | 27/05/2018 | |||||
| Dewey Decimal Classification | Baccah | Central Library | Central Library | First floor | 15/11/2017 | Purchase | 550.00 | 1 | 658.303 INT | 000042493 | 15/07/2025 | Book - Borrowing | 31/01/2018 | 1 |